000 00668nam a2200241Ia 4500
001 5050
005 20240113233814.0
007 ta
008 050616s1997 a g b000 u eng u
020 _a81-7041-916-6
040 _aCotton College,Assam
041 _aeng
082 _a574.88
_bSr 11 Mo
100 _aSrivastava, Sharad.
245 0 _aMolecular Genetics /
_cSharad Srivastava, Rajeev Tyagi.
_hTextual Documents
250 _a1st ed. /
260 _aNew Delhi :
_bAnmol Publications ,
_c1997.
300 _axi, 342p. :
_bill. ;
_c22cm .
653 _aBiology-Genetics-Molecular
942 _2ddc
_cBK
999 _c5037
_d5037